Diseño de un sistema de prevención y protección contra incendios en el edificio "C" de la Facultad de Ingenierí
Guardat en:
| Autor principal: | |
|---|---|
| Format: | Llibre |
| Publicat: |
San José, C.R
2004
|
| Matèries: | |
| Etiquetes: |
Afegir etiqueta
Sense etiquetes, Sigues el primer a etiquetar aquest registre!
|
MARC
| LEADER | 00000nam a2200000Ia 4500 | ||
|---|---|---|---|
| 003 | 009538 | ||
| 005 | 20221231144130.0 | ||
| 008 | 140114s2004 cr a m 000 0|s |d | ||
| 040 | |c cru CEDI | ||
| 090 | |a TFG 5071 | ||
| 100 | |a Morera Sancho, Oscar Giovanni |9 6007 | ||
| 245 | |a Diseño de un sistema de prevención y protección contra incendios en el edificio "C" de la Facultad de Ingenierí | ||
| 260 | |c 2004 |a San José, C.R | ||
| 300 | |a xi, 86, [49] hojas, [6] hojas plegables : ilustraciones, planos (algunas a color) | ||
| 500 | |a Proyecto de graduación (licenciatura en ingeniería química)--Universidad de Costa Rica. Facultad de Ingeniería. Escuela de Ingeniería Química | ||
| 650 | |x INCENDIOS - PREVENCION - PREVENCION |x INCENDIOS - MEDIDAS DE SEGURIDAD |9 6008 | ||
| 942 | |c TFG | ||
| 999 | |c 17352 |d 17352 | ||
